| 000 | 00437nam a2200157Ia 4500 | ||
|---|---|---|---|
| 003 | OSt | ||
| 005 | 20200708095536.0 | ||
| 008 | 190216s9999||||xx |||||||||||||| ||und|| | ||
| 040 | _coclc | ||
| 082 |
_a952 _bCHA/H |
||
| 100 |
_aChaurasia, R S _93004 |
||
| 245 | 0 |
_aHistory Of Modern Japan / _cR S Chaurasia |
|
| 260 |
_bKing`S Books: _c1998. _a Delhi: |
||
| 300 | _a232p | ||
| 942 |
_cBK _2ddc _h952 _iCHA/H _k952 _mCHA/H |
||
| 999 |
_c20655 _d20655 |
||